Evolutionary biology: a textbook for university students Ed 9 (Record no. 170968)
[ view plain ]
| 000 -LEADER | |
|---|---|
| fixed length control field | 00643nam a2200229Ia 4500 |
| 003 - CONTROL NUMBER IDENTIFIER | |
| control field | OSt |
| 005 - DATE AND TIME OF LATEST TRANSACTION | |
| control field | 20230616160024.0 |
| 008 - FIXED-LENGTH DATA ELEMENTS--GENERAL INFORMATION | |
| fixed length control field | 210423s2020 xx 000 0 und d |
| 020 ## - INTERNATIONAL STANDARD BOOK NUMBER | |
| International Standard Book Number | 978-93-5078-127-2 |
| 040 ## - CATALOGING SOURCE | |
| Transcribing agency | AL |
| 041 ## - LANGUAGE CODE | |
| Language code of text/sound track or separate title | eng |
| 082 ## - DEWEY DECIMAL CLASSIFICATION NUMBER | |
| Classification number | 574 |
| Edition number | 23 |
| Item number | TOME |
| 100 ## - MAIN ENTRY--PERSONAL NAME | |
| Personal name | TOMAR (B S);SINGH (S P) |
| 9 (RLIN) | 98145 |
| 245 ## - TITLE STATEMENT | |
| Title | Evolutionary biology: a textbook for university students Ed 9 |
| 250 ## - EDITION STATEMENT | |
| Edition statement | 9 |
| 260 ## - PUBLICATION, DISTRIBUTION, ETC. | |
| Place of publication, distribution, etc. | New Delhi |
| Name of publisher, distributor, etc. | Rastogi Publications |
| Date of publication, distribution, etc. | 2020 |
| 300 ## - PHYSICAL DESCRIPTION | |
| Extent | xii,356 |
| Other physical details | PB |
| 365 ## - TRADE PRICE | |
| Price amount | 315 |
| Currency code | INR |
| 650 ## - SUBJECT ADDED ENTRY--TOPICAL TERM | |
| Topical term or geographic name entry element | Biology |
| 9 (RLIN) | 98146 |
| 906 ## - LOCAL DATA ELEMENT F, LDF (RLIN) | |
| a | 9 ; biology: ; Evolutionary ; students ; textbook ; university |
| 942 ## - ADDED ENTRY ELEMENTS (KOHA) | |
| Source of classification or shelving scheme | Dewey Decimal Classification |
| Koha item type | Book |
| Withdrawn status | Lost status | Damaged status | Not for loan | Collection code | Home library | Current library | Date acquired | Source of acquisition | Cost, normal purchase price | Total Checkouts | Full call number | Barcode | Date last seen | Date last checked out | Price effective from | Koha item type |
|---|---|---|---|---|---|---|---|---|---|---|---|---|---|---|---|---|
| Bio Technology | St Aloysius PG Library | St Aloysius PG Library | 03/09/2021 | Sapna Book House | 315.00 | 1 | 574 TOME | PG017470 | 01/25/2023 | 08/30/2022 | 04/26/2021 | Book | ||||
| Bio Technology | St Aloysius PG Library | St Aloysius PG Library | 03/09/2021 | Sapna Book House | 315.00 | 1 | 574 TOME | PG017471 | 11/15/2023 | 08/22/2023 | 04/26/2021 | Book |